Statystyki dla Kształty państw w smoku

Kliknij tutaj aby rozwiązać quiz!

Ogólne statystyki

  • Ten quiz został rozwiązany 154 razy
  • Średni wynik to 18 z 29

Odpowiedzi na mapie

Odpowiedzi skodowane kolorowo w zielono-czerwonej skali na mapie do tego quizu, zgodnie z poniższymi procentami.
 

Statystyki odpowiedzi

Państwo% Poprawnych
Norwegia
98%
Włochy
95%
Chile
93%
Japonia
83%
Portugalia
83%
Wietnam
83%
Somalia
82%
Sudan
81%
Madagaskar
78%
Pakistan
74%
Kamerun
72%
Benin
68%
Argentyna
66%
Szwecja
66%
Maroko
63%
Mjanma
63%
Mozambik
62%
Togo
59%
Indie
58%
Panama
56%
Nepal
50%
Paragwaj
48%
Tunezja
48%
Nowa Zelandia
47%
Islandia
39%
Czechy
33%
Kuba
30%
Węgry
29%
Macedonia Północna
18%

Rozkład punktacji

Percentyl według liczby udzielonych odpowiedzi

Procent ludzi z każdym wynikiem

Twoja historia wyników

Nie rozwiązałeś tego quizu